00534nam a22001817a 450000500170000001000140001702000260003103700220005708200090007910000240008824500560011225000060016826000400017427000790021430000200029394200200031399900190033320260302141038.0 aBACCHEN26 a9789355209009c495.00 aRupa Publication  21aS aBond, Ruskin988018 a25 Greatest Stories for Young Readers/cRuskin Bond a3 a New Delhi bRupa Publicationc2025 a161-B/4, Gulmohar House, Yusuf Sarai Community Centreb New Delhi e110049 a267p.c21cm(pb) 2ddccENmBONhS c214961d214961